• 首页
  • 本馆介绍
  • 公告通知
  • 最新文献
  • 馆藏检索
  • 电子资源
  • 读者导购
  • 参考咨询
  • 我的图书馆
  • 登录
  • 详细信息显示
  • 放入我的书架
  • 预约/预借图书
  • 作者相关作品
  • 分类相关作品
  • 丛书相关作品
  • 出版社相关作品

书目信息

  • 表格格式
  • 工作单格式
  • 卡片格式
题名:
秦汉史研究文集
    
 
作者: 安作璋 著
分册:  
出版信息: 北京   人民出版社  2015
页数: 576页
开本: 23cm
丛书名: 山东师范大学人文社会科学学者文库
单 册:
中图分类: K232.07-53
科图分类:
主题词: 中国历史--zhong guo li shi--秦汉时代--文集
电子资源:
ISBN: 978-7-01-014784-0
000 01227nam0 22002531 450
001 1731226260
005 20170602161200.0
010    @a978-7-01-014784-0@dCNY92.00
100    @a20150615d2015 em y0chiy50 ea
101 0  @achi
102    @aCN@b110000
105    @ay z 000yy
106    @ar
200 1  @a秦汉史研究文集@Aqin han shi yan jiu wen ji@f安作璋著
210    @a北京@c人民出版社@d2015
215    @a576页@d23cm
225 2  @a山东师范大学人文社会科学学者文库@Ashan dong shi fan da xue ren wen she hui ke xue xue zhe wen ku
330    @a本书是作者从历年发表的史学研究论文中选出的有关秦汉史的文章共43篇。从时间上说,自从1954年作者在《光明日报》史学版发表的第一篇《西汉的西北屯垦》一文算起,迄今已整整一个甲子。从内容上说,涉及秦汉时期的社会史(7篇)、经济史(5篇)、政治史和政治制度史(5篇)、思想文化史(5篇)、少数民族与中外关系史(7篇)、历史人物研究(12篇)等多个领域。另外,还有本书卷首的两篇《引言》,是关于秦汉史研究的重要意义和重点问题探讨,可供史学爱好者参考。
461  0 @12001 @a山东师范大学人文社会科学学者文库
606 0  @a中国历史@Azhong guo li shi@z秦汉时代@j文集
690    @aK232.07-53@v4
701  0 @a安作璋@Aan zuo zhang@4著
801  0 @aCN@bTANG WEI@c20170527
905    @b0970298-302@dK232.07-53@e65@f5
    
    秦汉史研究文集/安作璋著.-北京:人民出版社,2015
    576页;23cm.-(山东师范大学人文社会科学学者文库)
    
    
    ISBN 978-7-01-014784-0:CNY92.00
    本书是作者从历年发表的史学研究论文中选出的有关秦汉史的文章共43篇。从时间上说,自从1954年作者在《光明日报》史学版发表的第一篇《西汉的西北屯垦》一文算起,迄今已整整一个甲子。从内容上说,涉及秦汉时期的社会史(7篇)、经济史(5篇)、政治史和政治制度史(5篇)、思想文化史(5篇)、少数民族与中外关系史(7篇)、历史人物研究(12篇)等多个领域。另外,还有本书卷首的两篇《引言》,是关于秦汉史研究的重要意义和重点问题探讨,可供史学爱好者参考。
●
相关链接 在E读中查询图书 在五车中查询图书 在当当中查询图书 在豆瓣中查询图书


正题名:秦汉史研究文集     索取号:K232.07-53/65         预约/预借

序号 登录号 条形码 馆藏地/架位号 状态 备注
1 0970298   209702981   第二样本阅览室/ [索取号:K232.07-53/65] 在馆    
2 0970299   209702990   第二借阅区/ [索取号:K232.07-53/65] 在馆    
3 0970300   209703007   史法系资料室/ [索取号:K232.07-53/65] 在馆    
4 0970301   209703016   第二借阅区/ [索取号:K232.07-53/65] 在馆    
5 0970302   209703025   第二借阅区/ [索取号:K232.07-53/65] 在馆    
唐山师范学院图书馆 欢迎您!
大连网信软件有限公司© 版权所有